| 000 | 00000nam 2200000zi 4500 |
| 001 | 9.892070 |
| 003 | CaOODSP |
| 005 | 20221107173049 |
| 006 | m o d f |
| 007 | cr cn||||||||| |
| 008 | 201002s2019 quc o f000 0 fre d |
| 040 | |aCaOODSP|bfre|erda|cCaOODSP |
| 043 | |an-cn--- |
| 045 | |ay0y1 |
| 086 | 1 |aSC3-188/2019-1F-PDF |
| 245 | 00|aSommaire du rapport d'évaluation du programme de Recrutement de leaders en politiques. |
| 264 | 1|a[Gatineau, Québec] : |bCommission de la fonction publique du Canada = Public Service Commission of Canada, |c[2019] |
| 300 | |a1 ressource en ligne (1 page) |
| 336 | |atexte|btxt|2rdacontent/fre |
| 337 | |ainformatique|bc|2rdamedia/fre |
| 338 | |aressource en ligne|bcr|2rdacarrier/fre |
| 500 | |aPublié aussi en anglais sous le titre : Summary of the Recruitment of Policy Leaders program evaluation report. |
| 610 | 26|aCommission de la Fonction publique du Canada|xÉvaluation. |
| 650 | 6|aAnalystes de la politique|xRecrutement|zCanada|xÉvaluation. |
| 651 | 6|aCanada|xFonctionnaires|xRecrutement|xÉvaluation. |
| 710 | 2 |aCommission de la Fonction publique du Canada, |eorganisme de publication. |
| 775 | 08|tSummary of the Recruitment of Policy Leaders program evaluation report.|w(CaOODSP)9.892069 |
| 856 | 40|qPDF|s336 Ko|uhttps://publications.gc.ca/collections/collection_2020/cfp-psc/SC3-188-2019-1-fra.pdf |